Normal view
MARC view
Entry Término temático
001 - NÚMERO DE CONTROL
- campo de control: 35731
003 - IDENTIFICADOR DEL NÚMERO DE CONTROL
- campo de control: OSt
005 - FECHA Y HORA DE LA ÚLTIMA TRANSACCIÓN
- campo de control: 20200615033509.0
008 - DATOS DE LONGITUD FIJA
- campo de control de longitud fija: 200615|| aca||aabn | a|a d
040 ## - FUENTE DE LA CATALOGACIÓN
- Centro catalogador/agencia de origen: OSt
- Centro/agencia transcriptor: OSt
150 ## - ENCABEZAMIENTO--TÉRMINO DE MATERIA
- Término de materia o nombre geográfico como elemento de entrada: BIBLIOTECAS PÚBLICAS
- Subdivisión geográfica: FRANCIA
- Subdivisión de forma: CONGRESOS
670 ## - FUENTE DE DATOS ENCONTRADOS
- Cita de la fuente: Work cat.: (OSt)15409: Coloquio Colombo-Francés de Bibliotecas Públicas (1 : 2003 : Bogotá) 35729, Memorias del primer Coloquio Colombo-Francés de Bibliotecas Públicas :, 2004.
